| 000 | 00429nam a2200157Ia 4500 | ||
|---|---|---|---|
| 008 | 210423s2010 xx 000 0 und d | ||
| 020 | _a9788185618104 | ||
| 041 | _aeng | ||
| 082 | _a621.381045 GHAA | ||
| 100 | _aGHATAK (Ajoy); THYAGARAJAN (K). | ||
| 245 | _aOptical electronics. | ||
| 260 |
_aNew Delhi _bCambridge University Press _c2010 |
||
| 300 |
_axii,624 _bPB |
||
| 365 |
_b295 _cINR |
||
| 906 | _aelectronics. ; Optical | ||
| 999 |
_c162343 _d162343 |
||